Sensory evaluation of food: statistical methods and procedures

Uloženo v:
Podrobná bibliografie
Hlavní autor: O'Mahony, Michael (Autor)
Médium: Kniha
Jazyk:angličtina
Vydáno: Nueva York Marcel Dekker 1986
Edice:Food Science and Technology, No 16
Témata:
Tagy: Přidat tag
Žádné tagy, Buďte první, kdo vytvoří štítek k tomuto záznamu!

MARC

LEADER 00000nam a2200000 a 4500
001 UCZ8313
003 CL-VaPUC
008 960119e19860000US |||||||||||||||||eng|d
082 0 4 |a 664.07  |b OMA  |2 21 
100 0 |a O'Mahony, Michael  |e author  |9 353560 
245 1 0 |a Sensory evaluation of food: statistical methods and procedures 
300 |a 487 p 
942 |c BK 
945 |d 19960119 00:00:00  |a rleighto 
260 |a Nueva York  |b Marcel Dekker  |c 1986 
650 0 |a Alimentos  |9 256203 
650 0 |a Evaluación  |9 271902 
650 0 |a Estadística   |9 259535 
650 0 |a Análisis de varianza   |9 336938 
583 |a last modification  |c 19960119 00:00:00  |k Rodrigo Vera 
490 0 |a Food Science and Technology, No 16 
999 |c 244244  |d 244242 
952 |0 0  |1 0  |4 0  |6 664_070000000000000_OMA_1986  |7 0  |8 A  |9 258242  |a BIBGIM  |b BIBGIM  |d 2019-11-19  |i 3171884  |o 664.07 OMA 1986  |p 3171884  |r 2025-01-15  |w 2019-11-19  |y BK  |k EST 
952 |0 0  |1 0  |2 ddc  |4 0  |6 664_070000000000000_OMA_1986  |7 0  |8 A  |9 258243  |a BIBALI  |b BIBALI  |c GEN  |d 2019-11-19  |i 3692302  |o 664.07 OMA 1986  |p 3692302  |r 2025-01-20  |w 2019-11-19  |y BK  |k ALI